000 00578nam a22002177a 4500
001 BD-DhSAU 324
003 BD-DhSAU
005 20141202023208.0
008 141202b1986 ii a|||| |||| 001 0 eng d
040 _cBD-DhSAU
082 _222
_a581.15
_bDAA
100 _aDalela, R. C.
_eDr.
245 _aA text book of genetics/
_c R. C. Dalela and S. R. Verma
250 _a9th ed.
260 _aMeerut City:
_bJai Prakash Nath;
_c1986.
300 _av, 626 p. :
_bill. ;
_c20 cm.
504 _aincludes index.
590 _aZahid
650 _aGenetics
700 _aVerma, S. R.
942 _2ddc
_cBOOK
999 _c324
_d324